Novel-les i narracions romantiques / (Record no. 78288)

MARC details
000 -LEADER
campo de control de longitud fija 00924nam a2200253 i 4500
001 - NÚMERO DE CONTROL
campo de control 78288
003 - IDENTIFICADOR DE NÚMERO DE CONTROL
campo de control ES-MaACL
005 - FECHA Y HORA DE LA ÚLTIMA TRANSACCIÓN
campo de control 20250817210225.0
007 - CAMPO FIJO DE DESCRIPCIÓN FÍSICA--INFORMACIÓN GENERAL
campo de control de longitud fija t|
008 - DATOS DE LONGITUD FIJA--INFORMACIÓN GENERAL
campo de control de longitud fija 041013s1981 sp ||||1| cat d
100 1# - ENTRADA PRINCIPAL--NOMBRE DE PERSONA
Nombre de persona Novalis.
9 (RLIN) 86059
245 10 - MENCIÓN DEL TÍTULO
Título Novel-les i narracions romantiques /
Mención de responsabilidad, etc. Novalis, Heinrich von Kleist ; traduccions de Joan Maragall, Ernest Martínez Ferrando i Manuel Carbonell.
250 ## - MENCION DE EDICION
Mención de edición [1ª ed.].
260 ## - PUBLICACIÓN, DISTRIBUCIÓN, ETC.
Lugar de publicación, distribución, etc. Barcelona :
Nombre del editor, distribuidor, etc. Edicions 62,
Fecha de publicación, distribución, etc. [1981]
300 ## - DESCRIPCIÓN FÍSICA
Extensión 299 p. ;
Dimensiones 20 cm.
490 1# - MENCIÓN DE SERIE
Mención de serie Les millors obres de la literatura catalana ;
Designación de volumen o secuencia 4
700 1# - ENTRADA AGREGADA--NOMBRE PERSONAL
Nombre de persona Martínez Ferrando, Ernest,
Fechas asociadas al nombre 1891-1965
9 (RLIN) 78083
700 1# - ENTRADA AGREGADA--NOMBRE PERSONAL
Nombre de persona Carbonell, Manuel.
9 (RLIN) 35050
700 1# - ENTRADA AGREGADA--NOMBRE PERSONAL
Nombre de persona Maragall, Joan,
Fechas asociadas al nombre 1860-1911
9 (RLIN) 152432
700 0# - ENTRADA AGREGADA--NOMBRE PERSONAL
Nombre de persona Kleist, Heinrich von.
9 (RLIN) 68238
830 0# - PUNTO DE ACCESO ADICIONAL DE SERIE-TÍTULO UNIFORME
Título uniforme Les millors obres de la literatura catalana ;
Designación de volumen o secuencia 4
9 (RLIN) 181455
852 ## - LOCALIZACIÓN
Ubicación ES-MaACL
Número de control de estantería L-1524
Sublocalización o colección R.101941
Holdings
Estatus retirado Estado de pérdida Estado de daño No para préstamo Biblioteca de origen Biblioteca actual Ubicación en estantería Fecha de adquisición Fuente de adquisición Total de préstamos Signatura topográfica completa Código de barras Visto por última vez Precio de reemplazo Tipo de ítem Koha
        Biblioteca del Ateneo de Madrid Biblioteca del Ateneo de Madrid Depósito 2 17/01/2008     L-1524 1081893 23/02/2023 23/02/2023 Libro impreso